000 00852nam a2200253Ia 4500
003 OSt
005 20220918170451.0
006 a|||||r|||| 00| 0
007 ta
008 220917b |||||||| |||| 00| 0 eng d
020 _a9780231143004 (hbk)
_c1290.28
024 _a239,708
037 _b28181, 17/08/2009, Segment Book Distributors
_cTextual
040 _aARTS
_cARTS
_beng
041 _2eng
_aeng
082 _aR853vN, P8
100 _aRoudinesco Elisabeth
_929227
245 0 _aPhilosophy in Turbulent Times
_b Canguilhem, Sartre, Foucault, Althusser, Deleuze, Derrida
260 _aNew York
_bColumbia University Press USA
_c2008
300 _axvi,184p.
_ccm.
650 _aPHILOSOPHY
942 _hR853vN, P8
_cTEXL
_2CC
999 _c134282
_d134282